[Event "TCh-RUS Women 2015"]
[Site "Sochi RUS"]
[Date "2015.05.04"]
[Round "4.4"]
[Board "4"]
[White "Protopopova, Anastasiya"]
[Black "Belova, Olga"]
[Result "0-1"]
[WhiteTitle "WFM"]
[BlackTitle "WFM"]
[WhiteElo "2093"]
[BlackElo "2013"]
[WhiteTeam "Grozny (Chechnya)"]
[BlackTeam "Rook (Kazan)"]
[WhiteFideId "24172073"]
[BlackFideId "4138422"]
[EventDate "2015.05.01"]

1. Nf3 d5 2. d4 Nf6 3. c4 e6 4. Nc3 Be7 5. Bf4 O-O 6. e3 Nbd7 7. c5 c6 8. Bd3 b6
9. b4 a5 10. a3 Ba6 11. O-O Qc8 12. h3 Qb7 13. Qe2 Bxd3 14. Qxd3 axb4 15. axb4
b5 16. Ne5 Nxe5 17. dxe5 Ne8 18. Ne2 Nc7 19. Nd4 Ra4 20. Qc3 Rfa8 21. Nb3 d4 22.
Qd2 Nd5 23. Na5 dxe3 24. Bxe3 Qa6 25. Rfb1 Nxb4 26. Rxa4 bxa4 27. Qxb4 Qxa5 28.
Qxa5 Rxa5 29. Rb8+ Bf8 30. Bd2 Ra7 31. Bc3 a3 32. Kf1 a2 33. Ba1 Ra5 34. Ke2
Rxc5 35. Bb2 Rc2+ 36. Kd3 Rxb2 0-1

[Event "TCh-RUS Women 2015"]
[Site "Sochi RUS"]
[Date "2015.05.04"]
[Round "4.5"]
[Board "1"]
[White "Travkina, Anastasia"]
[Black "Sergeeva, Natalia"]
[Result "1/2-1/2"]
[WhiteTitle "WFM"]
[WhiteElo "2225"]
[BlackElo "2079"]
[WhiteTeam "Donchanka (Rostov region)"]
[BlackTeam "Kuban (Krasnodar region)"]
[WhiteFideId "24129151"]
[BlackFideId "4117743"]
[EventDate "2015.05.01"]

1. e4 c6 2. d4 d5 3. Nd2 dxe4 4. Nxe4 Bf5 5. Ng3 Bg6 6. N1e2 Nf6 7. h4 h6 8. Nf4
Bh7 9. Bc4 e6 10. O-O Nd5 11. Bxd5 cxd5 12. Qh5 g6 13. Qe5 Rg8 14. c4 Nc6 15.
Qe3 Ne7 16. b3 Qd7 17. Nd3 Nc6 18. Nc5 Bxc5 19. dxc5 g5 20. Nh5 Rg6 21. cxd5
Qxd5 22. Bb2 e5 23. Rad1 Qe6 24. Rd6 Qe7 25. Qf3 f5 26. Re1 Rxd6 27. cxd6 Qxd6
28. Ng7+ Kf8 29. Nxf5 Qf6 30. Nxh6 Qxf3 31. gxf3 gxh4 32. Ng4 Kf7 33. Rd1 Ke6
34. Re1 Rf8 35. Nxe5 Nxe5 36. Rxe5+ Kd7 37. Rh5 Bb1 38. Rxh4 Bxa2 39. Ra4 Bxb3
40. Rxa7 Kc6 41. Kg2 1/2-1/2

[Event "TCh-RUS Women 2015"]
[Site "Sochi RUS"]
[Date "2015.05.04"]
[Round "4.5"]
[Board "2"]
[White "Yakimenko, Viktoria"]
[Black "Sukhareva, Evgeniya"]
[Result "1-0"]
[WhiteElo "2092"]
[BlackElo "2169"]
[WhiteTeam "Kuban (Krasnodar region)"]
[BlackTeam "Donchanka (Rostov region)"]
[WhiteFideId "24174998"]
[BlackFideId "4167155"]
[EventDate "2015.05.01"]

1. e4 c5 2. Nf3 e6 3. d4 cxd4 4. Nxd4 a6 5. Bd3 Qb6 6. c3 d6 7. Qe2 Nd7 8. O-O
Ngf6 9. Kh1 g6 10. f4 e5 11. Nf3 Bg7 12. c4 exf4 13. Nc3 O-O 14. Bxf4 Re8 15.
Rae1 Nc5 16. Bb1 Be6 17. Ng5 Bg4 18. Qd2 Rad8 19. Be3 Be6 20. Bd4 Nfd7 21. Nd5
Bxd5 22. exd5 Rxe1 23. Rxe1 Bxd4 24. Qxd4 Ne5 25. Qh4 h5 26. b3 Qc7 27. h3 Qe7
28. Rf1 Qf8 29. g4 Qh6 30. Ne4 Ra8 31. Nf6+ Kg7 32. gxh5 Rh8 33. Qg3 a5 34. a4
Qd2 35. Qf2 Qxf2 36. Rxf2 Nxb3 37. hxg6 fxg6 38. Kg2 Nc5 39. Ng4 Nxc4 40. Rf6
Rh6 41. Rf4 Rh5 42. Rxc4 Rxd5 43. Nf2 Rg5+ 44. Kh2 b6 45. h4 Rh5 46. Rg4 g5 47.
Kg3 Nxa4 48. Rxa4 gxh4+ 49. Rxh4 Rxh4 50. Kxh4 Kf6 51. Nd3 Kf5 52. Nb2+ Ke5 53.
Nc4+ Kd4 54. Nxb6 Kc5 55. Na4+ Kb4 56. Bc2 d5 57. Kg3 d4 58. Kf3 Kb5 59. Ke4 Kc4
60. Bd1 Kb4 61. Kxd4 Ka3 62. Kc5 Ka2 63. Kb5 Kb1 64. Bb3 Kc1 65. Kc4 Kd2 66. Kd4
Ke2 67. Bd5 Kd2 68. Be4 Ke2 69. Nc5 Kf2 70. Bc2 Kf3 71. Nb7 a4 72. Bxa4 Kf4 73.
Nd6 Kg5 74. Ke5 Kg6 75. Bc2+ Kg7 76. Kf5 Kh7 77. Kf6+ Kh8 78. Nf7+ Kg8 79. Bd3
Kf8 80. Bh7 Ke8 81. Ne5 Kf8 82. Nd7+ Ke8 83. Ke6 Kd8 84. Kd6 Kc8 85. Nc5 Kd8 86.
Bg6 Kc8 87. Bh5 Kd8 88. Nb7+ Kc8 89. Kc6 Kb8 90. Kb6 Kc8 91. Bg4+ Kb8 92. Nc5
Ka8 93. Bf5 Kb8 94. Na6+ 1-0

[Event "TCh-RUS Women 2015"]
[Site "Sochi RUS"]
[Date "2015.05.04"]
[Round "4.5"]
[Board "3"]
[White "Petrova, Olga"]
[Black "Yakimenko, Anastasia"]
[Result "1-0"]
[WhiteElo "2176"]
[BlackElo "2080"]
[WhiteTeam "Donchanka (Rostov region)"]
[BlackTeam "Kuban (Krasnodar region)"]
[WhiteFideId "24117196"]
[BlackFideId "24174980"]
[EventDate "2015.05.01"]

1. e4 c5 2. Nf3 e6 3. d4 cxd4 4. Nxd4 a6 5. c4 Nf6 6. Nc3 Bb4 7. Qd3 Qc7 8. Be2
Nc6 9. f4 Nxd4 10. Qxd4 d6 11. Be3 e5 12. Qd3 Bxc3+ 13. bxc3 Qc6 14. Bf3 Be6 15.
c5 dxc5 16. fxe5 Rd8 17. Qc2 Nd7 18. Bf4 O-O 19. O-O c4 20. Rad1 Qb5 21. Kh1 Nc5
22. Be3 Rxd1 23. Rxd1 Nd3 24. Bd4 Qc6 25. Rb1 b5 26. Qd2 h6 27. Qe3 Qc7 28. Bd1
Nxe5 29. Qg3 f6 30. a4 Bd7 31. axb5 Bxb5 32. Bg4 Qe7 33. Bf5 g5 34. Rf1 Kg7 35.
h4 a5 36. Rb1 Be8 37. Rb6 Qe6 38. Rxe6 1-0

[Event "TCh-RUS Women 2015"]
[Site "Sochi RUS"]
[Date "2015.05.04"]
[Round "4.5"]
[Board "4"]
[White "Demchenko, Alisa"]
[Black "Kim, Yana"]
[Result "0-1"]
[BlackTitle "WFM"]
[WhiteElo "1705"]
[BlackElo "2125"]
[WhiteTeam "Kuban (Krasnodar region)"]
[BlackTeam "Donchanka (Rostov region)"]
[WhiteFideId "34100080"]
[BlackFideId "24133167"]
[EventDate "2015.05.01"]

1. e4 c5 2. Nf3 e6 3. d4 cxd4 4. Nxd4 a6 5. c4 Nf6 6. Nc3 d6 7. Be3 b6 8. Be2
Bb7 9. f3 Nbd7 10. O-O Be7 11. Rc1 Rc8 12. a3 Qc7 13. b4 Qb8 14. Na4 O-O 15. Nb3
Ba8 16. c5 b5 17. cxd6 Bxd6 18. Nac5 Nxc5 19. Nxc5 Bxh2+ 20. Kh1 Bg3 21. Bd3 Qa7
22. Qe2 Qe7 23. Bg5 h6 24. Qe3 hxg5 25. Qxg5 Bb8 26. e5 Nd5 27. Qh5 f5 28. exf6
Nxf6 29. Qh3 Kf7 30. Nxe6 Qxe6 31. Bg6+ Ke7 32. Rce1 Ne4 33. Qxe6+ Kxe6 34. Bxe4
Rh8+ 35. Kg1 Ba7+ 36. Rf2 Bxe4 37. Rxe4+ 0-1

[Event "TCh-RUS Women 2015"]
[Site "Sochi RUS"]
[Date "2015.05.05"]
[Round "5.1"]
[Board "1"]
[White "Bodnaruk, Anastasia"]
[Black "Ushenina, Anna"]
[Result "1/2-1/2"]
[WhiteTitle "IM"]
[BlackTitle "GM"]
[WhiteElo "2382"]
[BlackElo "2486"]
[WhiteTeam "SDYUSSHOR Hilti (St. Petersburg)"]
[BlackTeam "Yugra (Khanty)"]
[WhiteFideId "4181751"]
[BlackFideId "14110911"]
[EventDate "2015.05.01"]

1. e4 c5 2. Nf3 Nc6 3. d4 cxd4 4. Nxd4 Nf6 5. Nc3 e5 6. Ndb5 d6 7. Bg5 a6 8. Na3
b5 9. Nd5 Be7 10. Bxf6 Bxf6 11. c4 b4 12. Nc2 O-O 13. h4 a5 14. g3 Be6 15. Bh3
a4 16. Bxe6 fxe6 17. Ndxb4 Nxb4 18. Nxb4 Qb6 19. Qd2 Be7 20. O-O Qb7 21. Rae1
Rac8 22. b3 axb3 23. axb3 Rb8 24. Nc2 Qxb3 25. Ne3 Qb7 26. Qd3 Qb3 27. Qe2 Qc3
28. Qg4 Rf6 29. Rc1 Qd2 30. Rcd1 Qc3 31. Rc1 Qd2 32. Rcd1 Qc3 1/2-1/2

[Event "TCh-RUS Women 2015"]
[Site "Sochi RUS"]
[Date "2015.05.05"]
[Round "5.1"]
[Board "2"]
[White "Pogonina, Natalija"]
[Black "Ovod, Evgenija"]
[Result "0-1"]
[WhiteTitle "WGM"]
[BlackTitle "IM"]
[WhiteElo "2456"]
[BlackElo "2325"]
[WhiteTeam "Yugra (Khanty)"]
[BlackTeam "SDYUSSHOR Hilti (St. Petersburg)"]
[WhiteFideId "4147855"]
[BlackFideId "4131827"]
[EventDate "2015.05.01"]

1. d4 d5 2. c4 c6 3. Nc3 Nf6 4. e3 e6 5. Nf3 Nbd7 6. Qc2 b6 7. b3 Bb7 8. Bd3 Be7
9. O-O h6 10. Bb2 O-O 11. Rfd1 Qc7 12. Rac1 Rac8 13. h3 Qb8 14. Qe2 c5 15. cxd5
Nxd5 16. Nxd5 Bxd5 17. e4 Bb7 18. Ba3 Rfd8 19. Bb1 Bf8 20. Bb2 cxd4 21. Rxc8
Qxc8 22. Nxd4 Nc5 23. e5 Qa8 24. b4 Na6 25. a3 g6 26. Rc1 Rd7 27. Re1 Nc7 28.
Qg4 h5 29. Qg3 Qd8 30. Nf3 Rd1 31. Bc2 Bxf3 32. Bxd1 Bxd1 33. Bc1 Ba4 34. Bg5
Qd7 35. Rc1 Nd5 36. Bf6 Kh7 37. Bg5 Bg7 38. f4 Bf8 39. Kh2 a5 40. bxa5 bxa5 41.
Qf3 Qb7 42. Rc3 Bd1 43. Qe4 a4 44. Bf6 Qa6 45. Rc1 Bb3 46. g4 Bxa3 47. Ra1 Bb2
48. Rb1 a3 49. gxh5 Qc4 50. hxg6+ fxg6 51. Qg2 Qxf4+ 52. Kg1 Bd4+ 53. Kh1 a2 0-1

[Event "TCh-RUS Women 2015"]
[Site "Sochi RUS"]
[Date "2015.05.05"]
[Round "5.1"]
[Board "3"]
[White "Belenkaya, Dina"]
[Black "Mkrtchian, Lilit"]
[Result "0-1"]
[WhiteTitle "WFM"]
[BlackTitle "IM"]
[WhiteElo "2259"]
[BlackElo "2443"]
[WhiteTeam "SDYUSSHOR Hilti (St. Petersburg)"]
[BlackTeam "Yugra (Khanty)"]
[WhiteFideId "24142654"]
[BlackFideId "13300601"]
[EventDate "2015.05.01"]

1. e4 c5 2. Nf3 e6 3. c3 Nf6 4. e5 Nd5 5. d4 cxd4 6. cxd4 d6 7. Bc4 Nc6 8. O-O
Be7 9. Qe2 O-O 10. Rd1 Na5 11. b3 Bd7 12. Bxd5 exd5 13. Ba3 Re8 14. Nc3 Be6 15.
Rac1 a6 16. Qd2 Nc6 17. h3 Rc8 18. Ne2 Bf5 19. exd6 Bxd6 20. Bxd6 Qxd6 21. Qf4
Rcd8 22. Qxd6 Rxd6 23. Ng3 Bd7 24. Rc5 f6 25. Rd2 Kf7 26. a3 g5 27. Kf1 Kg6 28.
b4 b6 29. Rc1 h5 30. Ne1 Na7 31. Kg1 Rc6 32. Ra1 Nb5 33. a4 Nd6 34. Nf1 Nc4 35.
Rda2 Bf5 36. Nc2 Bxc2 37. Rxc2 Rce6 38. b5 a5 39. Rac1 Re1 40. Kh2 h4 41. Rc3
Rxc1 42. Rxc1 Re4 43. Ne3 Nxe3 44. fxe3 Rxe3 45. Rc6 Ra3 46. Rxb6 Rxa4 47. Rd6
Rxd4 48. b6 a4 49. b7 Rb4 50. Rxd5 Rxb7 51. Ra5 Rb4 52. Kg1 Rf4 53. Kh2 Kf7 54.
Ra6 Ke7 55. Kg1 Kd7 56. g3 hxg3 57. Kg2 Kc7 58. Kxg3 Kb7 59. Ra5 Kb6 60. Ra8 Kb5
61. Rb8+ Kc4 62. Rb6 a3 63. Ra6 Kb3 64. h4 Rxh4 65. Rxf6 a2 66. Rf3+ Kb4 67. Rf1
Rc4 68. Kh3 Kb3 69. Rg1 Kb2 70. Rg2+ Rc2 71. Rxg5 a1=Q 0-1

[Event "TCh-RUS Women 2015"]
[Site "Sochi RUS"]
[Date "2015.05.05"]
[Round "5.1"]
[Board "4"]
[White "Kovanova, Baira"]
[Black "Balaian, Alina"]
[Result "1/2-1/2"]
[WhiteTitle "WGM"]
[BlackTitle "WIM"]
[WhiteElo "2381"]
[BlackElo "2214"]
[WhiteTeam "Yugra (Khanty)"]
[BlackTeam "SDYUSSHOR Hilti (St. Petersburg)"]
[WhiteFideId "4164083"]
[BlackFideId "24115347"]
[EventDate "2015.05.01"]

1. d4 Nf6 2. c4 g6 3. Nc3 d5 4. cxd5 Nxd5 5. g3 Bg7 6. Bg2 Nb6 7. Nf3 Nc6 8. e3
O-O 9. O-O Re8 10. d5 Na5 11. Nd4 Bd7 12. e4 c6 13. Re1 cxd5 14. exd5 Rc8 15.
Nb3 Nac4 16. Nd4 Nd6 17. a4 Nbc4 18. b3 Na5 19. Nce2 Bg4 20. Be3 Qd7 21. Ra2 b6
22. Nc6 Nxc6 23. dxc6 Rxc6 24. Bxc6 Qxc6 25. Nd4 Bxd1 26. Nxc6 Bxb3 27. Ra3 Be6
28. Rd3 Bf6 29. Bf4 Nc4 30. Red1 Bf5 31. Rd8 Rxd8 32. Rxd8+ Kg7 33. Be3 Bc2 34.
Nxa7 Bxa4 35. Rb8 Be5 36. Rb7 Nxe3 37. fxe3 Bd6 38. Nc8 Bc5 39. Kf2 Bc6 40. Rc7
Bd5 41. Nxe7 Bxe7 42. Rxe7 Kf6 43. Re8 b5 44. Rb8 Bc4 45. e4 h5 46. Kf3 Ke6 47.
Ke3 Kf6 48. h4 Ke5 49. Rb7 Kd6 50. Kd4 Kc6 51. Rb8 Kc7 52. Ra8 Kb6 53. Kc3 Kb7
54. Rd8 Kc7 55. Rd4 Kb6 56. Kb4 Kc6 57. e5 Kb6 58. Rd6+ Kb7 59. Kc5 Kc7 60. Rd4
Kb7 61. Rd7+ Kc8 62. Re7 Kd8 63. Kd6 Kc8 64. Rc7+ Kb8 65. Kc6 Be6 66. Rb7+ Kc8
67. Rb6 Bc4 68. Kd6 Be2 69. Rc6+ Kb8 70. Rb6+ Kc8 71. Rc6+ Kb8 72. e6 fxe6 73.
Kxe6 Kb7 74. Rd6 Bg4+ 75. Kd5 Bf5 76. Kc5 Kc7 77. Rc6+ Kd8 78. Rb6 Ke7 79. Kxb5
Be6 80. Kc5 Kf6 81. Kd4 Kf5 82. Rb5+ Kg4 83. Rg5+ Kf3 84. Re5 Bf5 85. Re3+ Kg4
86. Ra3 Bb1 87. Rb3 Bc2 88. Rc3 Bb1 89. Re3 Bf5 90. Kc3 g5 91. hxg5 h4 92. gxh4
Kxh4 93. Kd4 Kxg5 94. Ke5 Bc2 95. Rg3+ Kh6 96. Kf6 Kh7 97. Rg7+ Kh8 98. Rg3 Bb1
99. Rg2 Bd3 100. Rd2 Bh7 101. Rh2 Kg8 102. Rg2+ Kh8 103. Kf7 Bb1 104. Rg8+ Kh7
105. Rg1 Ba2+ 106. Kf6 Bb3 107. Rg7+ Kh8 108. Kg6 Bc2+ 109. Kh6 Bb3 110. Rb7 Bc4
111. Rb8+ 1/2-1/2

[Event "TCh-RUS Women 2015"]
[Site "Sochi RUS"]
[Date "2015.05.05"]
[Round "5.2"]
[Board "1"]
[White "Pustovoitova, Daria"]
[Black "Bivol, Alina"]
[Result "1/2-1/2"]
[WhiteTitle "FM"]
[BlackTitle "WIM"]
[WhiteElo "2339"]
[BlackElo "2350"]
[WhiteTeam "University (Belorechensk)"]
[BlackTeam "Boavista (Moscow)"]
[WhiteFideId "4182146"]
[BlackFideId "4100123"]
[EventDate "2015.05.01"]

1. d4 d5 2. c4 dxc4 3. Nf3 Nf6 4. e3 b5 5. a4 b4 6. Bxc4 e6 7. Nbd2 Bb7 8. O-O
Be7 9. b3 O-O 10. Bb2 Nbd7 11. Rc1 c5 12. Qe2 cxd4 13. Bxd4 Bc5 14. Bb2 Qe7 15.
Ba6 Bxa6 16. Qxa6 Nd5 17. Nd4 Bxd4 18. Bxd4 f5 19. e4 fxe4 20. Nxe4 e5 21. Qb7
Qe6 22. Ng5 Qd6 23. Rc6 Rab8 24. Rxd6 Rxb7 25. Rxd5 exd4 26. Rd1 Rc8 27. R5xd4
h6 28. Ne4 Rc2 29. f3 Ne5 30. R1d2 Rc1+ 31. Kf2 Rb1 32. Rd5 Re7 33. Re2 Ng6 34.
Re3 Rb2+ 35. Nd2 Nf4 36. Rd8+ Kf7 37. Rd4 Ne6 38. Rd5 Rc7 39. g3 Rcc2 40. Ke1
Rc3 41. Ree5 Ng5 42. Rf5+ Kg6 43. Rf4 Rc1+ 44. Ke2 Rc3 45. h4 Nh3 46. Rg4+ Kf6
47. Rxb4 Ng1+ 48. Kf1 Ke6 49. Rd6+ Kxd6 50. Ne4+ Kc6 51. Nxc3 Nxf3 52. Ne2 Rxb3 1/2-1/2

[Event "TCh-RUS Women 2015"]
[Site "Sochi RUS"]
[Date "2015.05.05"]
[Round "5.2"]
[Board "2"]
[White "Vasilevich, Irina"]
[Black "Nakhbayeva, Guliskhan"]
[Result "1-0"]
[WhiteTitle "IM"]
[BlackTitle "WGM"]
[WhiteElo "2316"]
[BlackElo "2329"]
[WhiteTeam "Boavista (Moscow)"]
[BlackTeam "University (Belorechensk)"]
[WhiteFideId "4141296"]
[BlackFideId "13704788"]
[EventDate "2015.05.01"]

1. e4 c5 2. Nf3 e6 3. b3 d6 4. Bb2 Nf6 5. e5 dxe5 6. Nxe5 Be7 7. Be2 O-O 8. Bf3
Nfd7 9. Nc4 Qc7 10. Nc3 a6 11. O-O Nc6 12. a4 Nde5 13. Bxc6 Nxc4 14. bxc4 Qxc6
15. Re1 Bf6 16. a5 b5 17. axb6 Bb7 18. Qg4 Rfd8 19. d3 Bd4 20. Rab1 a5 21. Ne2
Bxb2 22. Rxb2 a4 23. Ra1 h5 24. Qh3 Ra6 25. Qf3 Qxf3 26. gxf3 Bxf3 27. Nc3 Bc6
28. Kf1 Rb8 29. Rab1 Rb7 30. Ke2 Kf8 31. Na2 Ke7 32. d4 Ra5 33. Kd3 f5 34. dxc5
Rxc5 35. Nb4 Be4+ 36. Kd4 Kd6 37. Na6 e5+ 38. Kc3 Ra5 39. Nc7 Kc6 40. Rb4 a3 41.
Ne6 Ra8 42. Nc7 Rd8 43. Rg1 Rd6 44. Ne8 Re6 45. Nxg7 Rh6 46. f3 Bxf3 47. Nxf5
Rf6 48. Ne3 Rxb6 49. Ra4 Be4 50. Rxa3 Rf2 51. Re1 Rxh2 52. Ra5 h4 53. Rxe5 Bh7
54. Re6+ Kc5 55. Re5+ Kc6 56. Rh5 Rb7 57. Rh6+ Kc5 58. Ra1 1-0

[Event "TCh-RUS Women 2015"]
[Site "Sochi RUS"]
[Date "2015.05.05"]
[Round "5.2"]
[Board "3"]
[White "Bronnikova, Elizaveta"]
[Black "Tomilova, Elena"]
[Result "1/2-1/2"]
[WhiteTitle "WIM"]
[BlackTitle "WIM"]
[WhiteElo "2245"]
[BlackElo "2292"]
[WhiteTeam "University (Belorechensk)"]
[BlackTeam "Boavista (Moscow)"]
[WhiteFideId "4157087"]
[BlackFideId "4162340"]
[EventDate "2015.05.01"]

1. e4 c5 2. Nf3 a6 3. c4 Nc6 4. d4 cxd4 5. Nxd4 e5 6. Nc2 Bc5 7. Nc3 d6 8. Be2
Nge7 9. O-O O-O 10. Be3 Bxe3 11. Nxe3 Be6 12. Bg4 Nd4 13. Rc1 Nec6 14. Ncd5 Qg5
15. Kh1 Bxg4 16. Qxg4 Qxg4 17. Nxg4 h5 18. Nge3 g6 19. g3 Kg7 20. Kg2 h4 21. Nc2
Rh8 22. Nxd4 h3+ 23. Kf3 exd4 24. Ke2 Rae8 25. f3 Ne5 26. Rfd1 d3+ 27. Kf2 g5
28. Ne3 Kf8 29. c5 dxc5 30. Rxc5 g4 31. Nxg4 Nxg4+ 32. fxg4 Rxe4 33. Rxd3 Kg7
34. Rg5+ Kf6 35. Rh5 Rc8 36. Rd2 Rxg4 37. Rxh3 Kg6 38. Kf3 Ra4 39. a3 Rc6 40.
Rh8 Rf6+ 41. Kg2 Re4 42. Rhd8 Kg7 43. R8d4 Re1 44. h4 b5 45. Rf2 Rxf2+ 46. Kxf2
Rb1 47. Rd2 Rh1 48. Kf3 Rc1 49. Ke4 Rc4+ 50. Rd4 Rc2 51. b4 Re2+ 52. Kf4 Rf2+
53. Kg4 Rf6 54. h5 Rc6 55. Kg5 Rc3 56. g4 Rc6 57. Rd7 Rc3 58. h6+ Kg8 59. Rd8+
Kh7 60. Rd7 Kg8 61. h7+ Kxh7 62. Rxf7+ Kg8 63. Ra7 Rxa3 64. Kg6 Kf8 65. g5 Rb3
66. Ra8+ Ke7 67. Ra7+ Kf8 68. Ra8+ Ke7 69. Kg7 Rxb4 70. Rxa6 Rg4 71. g6 b4 72.
Rb6 Kd7 73. Kf7 Rf4+ 74. Kg8 Kc7 75. Re6 Kd7 76. Re3 Rg4 77. g7 Kd6 78. Kf7 Kd5
79. Re8 Kd4 80. g8=Q Rxg8 81. Rxg8 b3 82. Ke6 b2 83. Rb8 Kc3 84. Kd5 Kc2 85. Kd4
b1=Q 86. Rxb1 Kxb1 1/2-1/2

[Event "TCh-RUS Women 2015"]
[Site "Sochi RUS"]
[Date "2015.05.05"]
[Round "5.2"]
[Board "4"]
[White "Drozdova, Dina"]
[Black "Baraeva, Irina"]
[Result "1-0"]
[WhiteTitle "WIM"]
[BlackTitle "WIM"]
[WhiteElo "2211"]
[BlackElo "2173"]
[WhiteTeam "Boavista (Moscow)"]
[BlackTeam "University (Belorechensk)"]
[WhiteFideId "4170695"]
[BlackFideId "24142565"]
[EventDate "2015.05.01"]

1. d4 d5 2. c4 c6 3. cxd5 cxd5 4. Nc3 Nf6 5. Bf4 Nc6 6. e3 a6 7. Bd3 Bg4 8. f3
Bh5 9. Rc1 Bg6 10. Nge2 e6 11. Bg5 Be7 12. Nf4 Nh5 13. Bxe7 Qxe7 14. Nxh5 Bxh5
15. O-O Bg6 16. a3 O-O 17. b4 Rac8 18. Bxg6 hxg6 19. Qd3 Rc7 20. Na4 Nb8 21. Rc5
Rxc5 22. bxc5 Nc6 23. f4 Qc7 24. Qc3 Re8 25. Nb6 Qd8 26. Qe1 Nb8 27. Na4 Nc6 28.
Rf3 Qf6 29. Qd2 Re7 30. Nb6 Rc7 31. Rf1 Qf5 32. Rd1 g5 33. Qd3 Qxd3 34. Rxd3
gxf4 35. exf4 Nb8 36. Kf2 Nd7 37. Nxd7 Rxd7 38. Rb3 Kf8 39. g4 f6 40. Rb6 Kf7
41. Kf3 Ke7 42. h4 Kf7 43. h5 Re7 44. Rd6 Rc7 45. g5 Ke7 46. g6 Rc8 47. Kg4 Rc6
48. h6 gxh6 49. Kh5 Kf8 50. Kxh6 Rc8 51. Rxe6 1-0

[Event "TCh-RUS Women 2015"]
[Site "Sochi RUS"]
[Date "2015.05.05"]
[Round "5.3"]
[Board "1"]
[White "Kosteniuk, Alexandra"]
[Black "Iljushina, Olga"]
[Result "1-0"]
[WhiteTitle "GM"]
[BlackTitle "WGM"]
[WhiteElo "2529"]
[BlackElo "2300"]
[WhiteTeam "SHSM-Our Heritage (Moscow)"]
[BlackTeam "Grozny (Chechnya)"]
[WhiteFideId "4128125"]
[BlackFideId "4152280"]
[EventDate "2015.05.01"]

1. c4 c5 2. Nc3 Nc6 3. Nf3 e5 4. e3 f5 5. d4 e4 6. Ng1 Nf6 7. Nge2 d5 8. cxd5
Nxd5 9. Nxd5 Qxd5 10. Nc3 Qd8 11. Bc4 Bd6 12. a3 a6 13. Bd5 Qg5 14. Kf1 Ne7 15.
dxc5 Bxc5 16. b4 Ba7 17. Ba2 Bd7 18. Qc2 Rc8 19. Qb3 Rf8 20. Kg1 Rc6 21. b5 Rd6
22. bxa6 bxa6 23. h4 Qg6 24. Ne2 Rb6 25. Qc3 Rc6 26. Qe5 Rc5 27. Qb2 Rb5 28. Qd2
Qf6 29. Rb1 Rxb1 30. Bxb1 Qb6 31. Ba2 Be6 32. Nf4 Bxa2 33. Qxa2 Rf6 34. Bb2 Rd6
35. Bxg7 Bb8 36. Kh2 Rd3 37. Rb1 Qd8 38. Bf6 Bxf4+ 39. exf4 Qc7 40. Be5 Qc6 41.
Rb8+ Rd8 42. Rxd8+ Kxd8 43. Qf7 Qh6 44. h5 a5 45. Kg3 Qa6 46. Qxh7 Qe2 47. Qg7
e3 48. Bf6 Qxf2+ 49. Kh3 Qxf4 50. Qxe7+ Kc8 51. Qe8+ Kb7 52. Qb5+ Kc8 53. Qc6+
Kb8 54. Qf3 Qh6 55. Be5+ Kc8 56. Qxf5+ Kb7 57. Qd7+ Ka8 58. Qc8+ Ka7 59. Bd4+ 1-0

[Event "TCh-RUS Women 2015"]
[Site "Sochi RUS"]
[Date "2015.05.05"]
[Round "5.3"]
[Board "2"]
[White "Dordzhieva, Dinara"]
[Black "Girya, Olga"]
[Result "0-1"]
[WhiteTitle "WIM"]
[BlackTitle "WGM"]
[WhiteElo "2272"]
[BlackElo "2459"]
[WhiteTeam "Grozny (Chechnya)"]
[BlackTeam "SHSM-Our Heritage (Moscow)"]
[WhiteFideId "24157570"]
[BlackFideId "4195752"]
[EventDate "2015.05.01"]

1. Nf3 d5 2. e3 Nf6 3. c4 e6 4. b3 Bd6 5. Bb2 O-O 6. Nc3 a6 7. d4 b6 8. Bd3 Bb7
9. O-O Nbd7 10. Qc2 dxc4 11. bxc4 Bxf3 12. gxf3 c5 13. Ne4 Nxe4 14. fxe4 cxd4
15. exd4 Bf4 16. e5 Qh4 17. f3 Rad8 18. Rae1 Nc5 19. Bxh7+ Qxh7 20. Qxh7+ Kxh7
21. dxc5 bxc5 22. Rd1 Kg6 23. Ba3 Rh8 24. Bxc5 Rc8 25. Bf2 Bxh2+ 26. Kg2 Bxe5
27. Rfe1 Rh2+ 28. Kf1 Bf6 29. Re4 Rb8 30. Kg1 Rbh8 31. Kf1 R8h3 32. Rd3 Kf5 33.
c5 Rh1+ 34. Ke2 Rc1 35. Ra4 Rh2 36. Ke3 Rc2 37. Rf4+ Kg6 38. Rg4+ Kh7 39. Bg1
Rce2+ 0-1

[Event "TCh-RUS Women 2015"]
[Site "Sochi RUS"]
[Date "2015.05.05"]
[Round "5.3"]
[Board "3"]
[White "Kovalevskaya, Ekaterina"]
[Black "Lingur, Zalina"]
[Result "1-0"]
[WhiteTitle "IM"]
[BlackTitle "WFM"]
[WhiteElo "2438"]
[BlackElo "2126"]
[WhiteTeam "SHSM-Our Heritage (Moscow)"]
[BlackTeam "Grozny (Chechnya)"]
[WhiteFideId "4116704"]
[BlackFideId "34165670"]
[EventDate "2015.05.01"]

1. e4 c5 2. Nf3 d6 3. d4 cxd4 4. Nxd4 Nf6 5. Nc3 a6 6. h3 e5 7. Nde2 h5 8. g3
Be6 9. Bg2 Be7 10. a4 O-O 11. O-O Nbd7 12. Be3 Qc7 13. b3 Rfd8 14. f4 Nb6 15. a5
Nc8 16. Nd5 Bxd5 17. exd5 exf4 18. Nxf4 h4 19. gxh4 Nd7 20. c4 Re8 21. Qh5 Bf6
22. Ne6 Rxe6 23. dxe6 fxe6 24. Ra2 Ne7 25. Be4 Nf8 26. Rxf6 gxf6 27. Rg2+ 1-0

[Event "TCh-RUS Women 2015"]
[Site "Sochi RUS"]
[Date "2015.05.05"]
[Round "5.3"]
[Board "4"]
[White "Protopopova, Anastasiya"]
[Black "Kashlinskaya, Alina"]
[Result "0-1"]
[WhiteTitle "WFM"]
[BlackTitle "IM"]
[WhiteElo "2093"]
[BlackElo "2436"]
[WhiteTeam "Grozny (Chechnya)"]
[BlackTeam "SHSM-Our Heritage (Moscow)"]
[WhiteFideId "24172073"]
[BlackFideId "4198026"]
[EventDate "2015.05.01"]

1. Nf3 Nf6 2. c4 g6 3. Nc3 Bg7 4. e4 d6 5. d4 O-O 6. Be2 Nbd7 7. O-O e5 8. Be3
Re8 9. d5 Nh5 10. g3 Bf8 11. Ne1 Ng7 12. Nd3 f5 13. f3 Be7 14. Qd2 Nf6 15. Bh6
fxe4 16. fxe4 Ng4 17. Bxg4 Bxg4 18. Kg2 Qc8 19. Nf2 Bd7 20. h3 Nh5 21. Ne2 Nf6
22. g4 c6 23. Ng3 Kh8 24. Nd3 cxd5 25. cxd5 Qc4 26. Rac1 Qxa2 27. Rc7 Rac8 28.
Rxb7 Qa6 29. Rb3 Rc4 30. Qg5 Rc2+ 31. Rf2 Nxe4 32. Qe3 Nxf2 33. Nxf2 Bf8 34. Ne4
Qe2 35. Nf6 Bxh6 36. Qxe2 Rxe2 37. Nxe8 Bxe8 38. Kf3 Rxf2+ 39. Kxf2 Bf7 40. Rb8+
Kg7 41. Rd8 Bxd5 42. Rxd6 Bf7 43. Ra6 Bc1 44. Rxa7 Bxb2 45. Kf3 Bd4 46. Rc7 g5
47. Ke4 Kf6 48. Rc6+ Be6 49. Rc7 h6 50. Rh7 Bf7 51. Rh8 Bg6+ 52. Kd5 Bg1 53.
Rf8+ Kg7 54. Rf1 Bh2 55. Ra1 h5 56. Ra7+ Kh6 57. Ra8 e4 58. gxh5 Bh7 59. Ra7 e3
60. Re7 Bf4 61. Kd4 Bf5 62. Re8 Kxh5 63. Rh8+ Kg6 64. h4 Kg7 65. Ra8 gxh4 66.
Ra1 h3 0-1